| 000 | 00606nam a22002057a 4500 | ||
|---|---|---|---|
| 005 | 20170428153439.0 | ||
| 010 | _aENG-117987 | ||
| 020 |
_a9781107020276 _c395.00 |
||
| 035 | _aEN-101519 | ||
| 037 | _bDBAD/PUB | ||
| 082 | _a954 | ||
| 100 | _aGanguly,Sumit | ||
| 245 | 1 | 0 |
_aIndia since 1980 / _cby Sumit Ganguly [and] Rahul Mukherji |
| 260 |
_aNew Delhi _bCambridge University Press _c2011 |
||
| 270 |
_a4381/4, Ansari Road, Daryaganj _bNew Delhi _e110002 |
||
| 300 |
_axi,201p. _c23cm(Hb) |
||
| 500 | _aIncludes index | ||
| 700 | _a Mukherji,Rahul | ||
| 942 |
_2ddc _cEN _mGAN _h954 |
||
| 999 |
_c139360 _d139360 |
||